| 000 | 00362nam a22001337a 4500 | ||
|---|---|---|---|
| 005 | 20250901165814.0 | ||
| 008 | 250328b |||||||| |||| 00| 0 eng d | ||
| 020 | _a9966478809 | ||
| 050 | _aPL 8704 .N33 2015 | ||
| 245 |
_aPendo la Halineshi _cAhmed E. Ndalu and Hamisi Chombo |
||
| 260 |
_aNairobi: _bPhoenix, _c2015. |
||
| 300 |
_avi, 113p.: _c18 cm. |
||
| 942 | _2lcc | ||
| 999 |
_c9459 _d9459 |
||